| 000 -CABECERA |
| campo de control de longitud fija |
02701nam a2200337 u 4500 |
| 001 - NÚMERO DE CONTROL |
| campo de control |
000087356 |
| 005 - FECHA Y HORA DE LA ÚLTIMA TRANSACCIÓN |
| campo de control |
20200120224948.0 |
| 008 - DATOS DE LONGITUD FIJA--INFORMACIÓN GENERAL |
| campo de control de longitud fija |
120507s2018 ck er|||| 000 j spa d |
| 020 ## - NÚMERO INTERNACIONAL ESTÁNDAR DEL LIBRO |
| Número Internacional Estándar del Libro |
9789588640082 |
| 020 ## - NÚMERO INTERNACIONAL ESTÁNDAR DEL LIBRO |
| Número Internacional Estándar del Libro |
9789585458468 |
| 041 0# - CÓDIGO DE LENGUA |
| Código de lengua del texto/banda sonora o título independiente |
spa |
| 043 ## - CÓDIGO DE ÁREA GEOGRÁFICA |
| Código de área geográfica |
s-ck--- |
| 090 ## - LOCALMENTE ASIGNADO TIPO-LC NÚMERO DE CLASIFICACIÓN (OCLC); NÚMERO DE CLASIFICACIÓN LOCAL (RLIN) |
| Número de clasificación (OCLC) (R) ; Numero de clasificación, CALL (RLIN) (NR) |
AC |
| Número cutter local (OCLC) ; Número de libro/Signatura topográfica íntegra, CALL (RLIN) |
BADmar |
| 100 1# - ENTRADA PRINCIPAL--NOMBRE DE PERSONA |
| Nombre de persona |
Badrán Padauí, Pedro, |
| Fechas asociadas al nombre |
1960- |
| 245 10 - MENCIÓN DE TÍTULO |
| Título |
Margarita entre los cerdos / |
| Mención de responsabilidad, etc. |
Pedro Bedrán Padauí. |
| 250 ## - MENCIÓN DE EDICIÓN |
| Mención de edición |
1a. ed. |
| 260 ## - PUBLICACIÓN, DISTRIBUCIÓN, ETC. |
| Lugar de publicación, distribución, etc. |
Bogotá : |
| Nombre del editor, distribuidor, etc. |
Random House Mondadori, |
| Fecha de publicación, distribución, etc. |
2018. |
| 300 ## - DESCRIPCIÓN FÍSICA |
| Extensión |
138 páginas. |
| 490 #0 - MENCIÓN DE SERIE |
| Mención de serie |
Plan Nacional de Lectura y Escritura Leer es mi Cuento / Ministerio de Cultura |
| 500 ## - NOTA GENERAL |
| Nota general |
Recomendado para un público adulto |
| 505 ## - NOTA DE CONTENIDO CON FORMATO |
| Nota de contenido con formato |
La cruz de hierro -- El hombre de la caja fuerte -- La ética del doctor Rebolledo -- Ulises calcula -- Pesquisa conyugal -- Valbuena -- Cuatro o cinco versiones sobre la muerte del coronel -- El misterio del cuarto amarillo |
| 520 3# - SUMARIO, ETC. |
| Sumario, etc. |
" En este libro se narran varios casos criminales, padecidos y resueltos por Ulises Lopera, un detective inocente y corrupto que, en medio de sus contradicciones, despierta la simpatía de los lectores. Relatados con un humor oblicuo y cierta dosis de compasión, Pedro Badrán teje nueve cuentos de gran riqueza estilística, donde los delincuentes habitan las oficinas de investigación y las soluciones policiacas no resultan convencionales. En la buena literatura, a fin de cuentas, la culpabilidad o la inocencia son asuntos de perspectiva. La crítica ha dicho#. "Ulises Lopera, el protagonista de estos relatos, no es un héroe, y él lo sabe, pero bajo la coraza con la que se enfrenta al mundo corrupto que le ha tocado en suerte hay un núcleo de candidez que lo mantiene a salvo y acaso lo redime. Esa inocencia contrahecha, proverbial perla entre los cerdos, es el gran hallazgo de Pedro Badrán en este libro estupendo". Luis Noriega "Nunca he leído un cuento de Pedro Badrán sin una intensa sensación de gratitud. La inteligencia, el humor desaforado, el oído impecable para las formas de hablar de la gente: ahí está todo. Su obra enriquece la tradición de un género que en Colombia no carece de riqueza". Juan Gabriel Vásquez" |
| 650 14 - PUNTO DE ACCESO ADICIONAL DE MATERIA--TÉRMINO DE MATERIA |
| Término de materia o nombre geográfico como elemento de entrada |
Cuentos colombianos |
| 650 24 - PUNTO DE ACCESO ADICIONAL DE MATERIA--TÉRMINO DE MATERIA |
| Término de materia o nombre geográfico como elemento de entrada |
Literatura adulto colombiana |
| 650 24 - PUNTO DE ACCESO ADICIONAL DE MATERIA--TÉRMINO DE MATERIA |
| Término de materia o nombre geográfico como elemento de entrada |
Autores colombianos |
| 650 24 - PUNTO DE ACCESO ADICIONAL DE MATERIA--TÉRMINO DE MATERIA |
| Término de materia o nombre geográfico como elemento de entrada |
Crimen en la literatura |
| 650 24 - PUNTO DE ACCESO ADICIONAL DE MATERIA--TÉRMINO DE MATERIA |
| Término de materia o nombre geográfico como elemento de entrada |
Ciencia ficción en la literatura |
| 650 24 - PUNTO DE ACCESO ADICIONAL DE MATERIA--TÉRMINO DE MATERIA |
| Término de materia o nombre geográfico como elemento de entrada |
Detectives en la literatura |
| 650 24 - PUNTO DE ACCESO ADICIONAL DE MATERIA--TÉRMINO DE MATERIA |
| Término de materia o nombre geográfico como elemento de entrada |
Misterio en la literatura |
| 740 1# - PUNTO DE ACCESO ADICIONAL--TÍTULO RELACIONADO O ANALÍTICO NO CONTROLADO |
| Título relacionado o analítico no controlado |
La cruz de hierro \ El hombre de la caja fuerte \ La ética del doctor Rebolledo \ Ulises calcula \ Pesquisa conyugal \ Valbuena \ Cuatro o cinco versiones sobre la muerte del coronel \ El misterio del cuarto amarillo |